[Event "British Rapidplay"]
[Site "Peterborough"]
[Date "2024.03.03"]
[Round "7"]
[White "Repasi, Zoltan Jr"]
[Black "Boswell, Jacob Connor"]
[Result "1/2-1/2"]
[WhiteElo "2141"]
[BlackElo "2254"]
[PlyCount "138"]
[EventDate "2024.03.02"]
[EventType "swiss (rapid)"]
[EventRounds "11"]
[EventCountry "ENG"]
[SourceTitle "CB10_2024"]
[SourceDate "2024.03.06"]
[SourceVersion "1"]
[SourceVersionDate "2024.03.06"]
[SourceQuality "1"]

1. d4 Nf6 2. c4 g6 3. Nc3 Bg7 4. e4 d6 5. Nf3 0-0 6. Be2 Nbd7 7. 0-0 e5 8. Be3 Ng4 9. Bg5 f6 10. Bc1 f5 11. exf5 gxf5 12. dxe5 dxe5 13. Qd5+ Kh8 14. Ng5 Qe7 15. Qe6 Qxe6 16. Nxe6 Rf7 17. Nxc7 Rb8 18. Bxg4 fxg4 19. Ne6 Nb6 20. Nxg7 Kxg7 21. b3 Bf5 22. Re1 Nd7 23. Be3 a6 24. Nd5 Nf6 25. Nxf6 Kxf6 26. Bb6 Rd7 27. Rad1 Re8 28. Rd3 Rd6 29. Rxd6+ Be6 30. Rd7 Bxd7 31. Rd1 Bc6 32. Rd6+ Re6 33. Rd2 Kf5 34. Ba7 h5 35. Kf1 h4 36. Rd8 h3 37. Rf8+ Kg6 38. gxh3 gxh3 39. Ke2 Be4 40. f3 Bb1 41. c5 Bxa2 42. b4 Re7 43. Bb8 e4 44. f4 Be6 45. Ke3 Bf5 46. Be5 Rf7 47. Rg8+ Kh7 48. Rg5 Kh6 49. Bc3 Bg6 50. Rg3 Bf5 51. Be5 Rd7 52. Bd6 Rf7 53. Kd4 Kh5 54. Ke5 Kh6 55. Kd5 Kh5 56. Kd4 Kh6 57. Rg5 Bg6 58. Ke3 Kh7 59. Be5 Kh6 60. Rg3 Bf5 61. Kf2 Rd7 62. Bd6 Kh7 63. Rg5 Rf7 64. Kg3 Rg7 65. Be5 Rg6 66. Bd4 Kh6 67. Kh4 Rxg5 68. fxg5+ Kg6 69. Be3 Bd7 1/2-1/2

[Event "British Rapidplay"]
[Site "Peterborough"]
[Date "2024.03.02"]
[Round "4"]
[White "Boswell, Jacob Connor"]
[Black "Han, Yichen"]
[Result "0-1"]
[WhiteElo "2254"]
[BlackElo "2414"]
[PlyCount "78"]
[EventDate "2024.03.02"]
[EventType "swiss (rapid)"]
[EventRounds "11"]
[EventCountry "ENG"]
[SourceTitle "CB10_2024"]
[SourceDate "2024.03.06"]
[SourceVersion "1"]
[SourceVersionDate "2024.03.06"]
[SourceQuality "1"]

1. d4 d5 2. c4 c6 3. cxd5 cxd5 4. Nc3 Nc6 5. Bf4 e5 6. dxe5 d4 7. Ne4 Qa5+ 8. Nd2 Nge7 9. e4 Ng6 10. Bg3 Ngxe5 11. h3 Qb6 12. f4 Nd7 13. Ngf3 Be7 14. Bc4 0-0 15. 0-0 Qxb2 16. Rb1 Qa3 17. Rb3 Qa5 18. Rb5 Qd8 19. e5 Nc5 20. Nb3 Ne4 21. Be1 Nc3 22. Bxc3 dxc3 23. Qc2 a6 24. Rd5 Qb6+ 25. Kh1 Nb4 26. Qe4 Nxd5 27. Bxd5 Be6 28. f5 Bxd5 29. Qxd5 Qb5 30. Qd1 c2 31. Qe1 Rfd8 32. Nfd4 Qd3 33. f6 gxf6 34. exf6 Bf8 35. Qf2 Rac8 36. Kh2 c1Q 37. Nxc1 Qxd4 38. Qg3+ Kh8 39. Rf4 Qxf4 0-1

[Event "British Rapidplay"]
[Site "Peterborough"]
[Date "2024.03.02"]
[Round "1"]
[White "Cheng, Louis"]
[Black "Boswell, Jacob Connor"]
[Result "0-1"]
[WhiteElo "1826"]
[BlackElo "2254"]
[PlyCount "98"]
[EventDate "2024.03.02"]
[EventType "swiss (rapid)"]
[EventRounds "11"]
[EventCountry "ENG"]
[SourceTitle "CB10_2024"]
[SourceDate "2024.03.06"]
[SourceVersion "1"]
[SourceVersionDate "2024.03.06"]
[SourceQuality "1"]

1. e4 c5 2. Nc3 Nc6 3. Nf3 d6 4. d4 cxd4 5. Nxd4 Nf6 6. f3 Qb6 7. Nxc6 bxc6 8. b3 g6 9. Bb2 Bg7 10. Qd2 Be6 11. 0-0-0 0-0 12. Kb1 a5 13. a4 Rab8 14. h4 h5 15. Be2 Rb7 16. Rdg1 Rfb8 17. Bd1 d5 18. exd5 Rd8 19. g4 hxg4 20. fxg4 Nxd5 21. Nxd5 Rxd5 22. Qc1 Bxb2 23. Qxb2 Qd4 24. Qxd4 Rxd4 25. h5 Rxa4 26. hxg6 fxg6 27. g5 Bf5 28. Kb2 Rd4 29. Bf3 Rd2 30. Rc1 a4 31. Kc3 Rf2 32. Bd1 axb3 33. cxb3 Rb5 34. Ra1 Rc5+ 35. Kb4 Rb5+ 36. Kc3 Rd5 37. Ra8+ Kf7 38. Rh7+ Ke6 39. Ra1 Rf1 40. Ra7 Rfxd1 41. Rhxe7+ Kd6 42. Re8 Rc1+ 43. Kb2 Rb1+ 44. Kc3 Rd3+ 45. Kc4 Rc1+ 46. Kb4 c5+ 47. Kb5 Rxb3+ 48. Ka4 Rb4+ 49. Ka3 Ra1# 0-1

[Event "British Rapidplay"]
[Site "Peterborough"]
[Date "2024.03.02"]
[Round "5"]
[White "Iyengar, Ilya"]
[Black "Boswell, Jacob Connor"]
[Result "0-1"]
[WhiteElo "1967"]
[BlackElo "2254"]
[PlyCount "62"]
[EventDate "2024.03.02"]
[EventType "swiss (rapid)"]
[EventRounds "11"]
[EventCountry "ENG"]
[SourceTitle "CB10_2024"]
[SourceDate "2024.03.06"]
[SourceVersion "1"]
[SourceVersionDate "2024.03.06"]
[SourceQuality "1"]

1. d4 Nf6 2. Nf3 g6 3. g3 Bg7 4. c4 0-0 5. Bg2 d6 6. 0-0 c5 7. Nc3 Nc6 8. d5 Na5 9. Nd2 a6 10. Qc2 b5 11. cxb5 axb5 12. Nxb5 Qb6 13. a4 Bf5 14. e4 Bd7 15. Nc3 Rfb8 16. Ra3 Ng4 17. h3 Ne5 18. f4 Nd3 19. Kh2 Nxc1 20. Rxc1 Qxb2 21. Qxb2 Rxb2 22. Ndb1 Nc4 23. Ra1 Ne3 24. Rg1 Rb3 25. Rc1 Rb2 26. Rg1 Rc2 27. Ra3 Nc4 28. Rb3 Bd4 29. Re1 Bxa4 30. Nxa4 Rxa4 31. Kh1 Raa2 0-1

[Event "Hastings Masters op"]
[Site "Hastings"]
[Date "2024.01.05"]
[Round "9"]
[White "Pert, Max P"]
[Black "Boswell, Jacob Connor"]
[Result "0-1"]
[WhiteElo "1950"]
[BlackElo "2235"]
[PlyCount "62"]
[EventDate "2023.12.28"]
[EventType "swiss"]
[EventRounds "9"]
[EventCountry "ENG"]
[SourceTitle "CB02_2024"]
[SourceDate "2024.01.10"]
[SourceVersion "1"]
[SourceVersionDate "2024.01.10"]
[SourceQuality "1"]

1. d4 g6 2. g3 Bg7 3. Bg2 Nf6 4. Nf3 0-0 5. 0-0 d6 6. a4 Nbd7 7. Nc3 d5 8. a5 c5 9. dxc5 Nxc5 10. Be3 Nce4 11. Bd4 Nxc3 12. Bxc3 Bf5 13. a6 b6 14. Nd4 Bd7 15. Nb3 e6 16. f3 Qc7 17. e4 Bb5 18. Rf2 dxe4 19. fxe4 e5 20. h3 Rfd8 21. Qc1 Rac8 22. Qg5 Ne8 23. Bf1 Bd7 24. Qe7 f6 25. Nd2 Bf8 26. Bc4+ Qxc4 27. Qxd8 Qe6 28. Qxc8 Bxc8 29. Rh2 Bc5+ 30. Kh1 Qc6 31. Rd1 Nd6 0-1

[Event "Hastings Masters op"]
[Site "Hastings"]
[Date "2024.01.04"]
[Round "8"]
[White "Boswell, Jacob Connor"]
[Black "Wadsworth, Matthew J"]
[Result "0-1"]
[WhiteElo "2235"]
[BlackElo "2448"]
[PlyCount "74"]
[EventDate "2023.12.28"]
[EventType "swiss"]
[EventRounds "9"]
[EventCountry "ENG"]
[SourceTitle "CB02_2024"]
[SourceDate "2024.01.10"]
[SourceVersion "1"]
[SourceVersionDate "2024.01.10"]
[SourceQuality "1"]

1. e4 c6 2. Nc3 d5 3. Nf3 Bg4 4. h3 Bxf3 5. Qxf3 e6 6. d3 Nd7 7. Bd2 Qb6 8. 0-0-0 d4 9. Ne2 a5 10. e5 Bc5 11. c3 Nxe5 12. Qg3 Ng6 13. Nxd4 Bxd4 14. cxd4 Rd8 15. Be3 Qb5 16. h4 h5 17. Be2 N8e7 18. Qf3 Nf5 19. Qe4 Qb4 20. a3 Qb3 21. g4 hxg4 22. h5 Nge7 23. Bxg4 Rd5 24. Qf4 Rb5 25. Rd2 Qa2 26. Rc2 Nxe3 27. fxe3 Qa1+ 28. Kd2 Qxh1 29. Qb8+ Kd7 30. Qxh8 Qg1 31. Qxg7 f5 32. a4 Rb3 33. h6 fxg4 34. Qf7 Qh2+ 35. Kc1 Qh1+ 36. Kd2 Qxh6 37. d5 Qh2+ 0-1

[Event "Hastings Masters op"]
[Site "Hastings"]
[Date "2024.01.03"]
[Round "7"]
[White "Vasiliadis, Theodoros"]
[Black "Boswell, Jacob Connor"]
[Result "0-1"]
[WhiteElo "1845"]
[BlackElo "2235"]
[PlyCount "82"]
[EventDate "2023.12.28"]
[EventType "swiss"]
[EventRounds "9"]
[EventCountry "ENG"]
[SourceTitle "CB02_2024"]
[SourceDate "2024.01.10"]
[SourceVersion "1"]
[SourceVersionDate "2024.01.10"]
[SourceQuality "1"]

1. c4 Nf6 2. Nf3 e6 3. g3 d5 4. Bg2 d4 5. b4 c5 6. e3 dxe3 7. fxe3 cxb4 8. 0-0 Nc6 9. d4 Be7 10. a3 bxa3 11. Bxa3 Bxa3 12. Rxa3 0-0 13. Nc3 Bd7 14. Ne5 Qe7 15. Rb3 Rab8 16. Rf4 Rfd8 17. Qf1 Be8 18. Rh4 Nxe5 19. dxe5 Nd7 20. Qb1 h6 21. Rxb7 Qc5 22. Rd4 Qxe5 23. Qe4 Qa5 24. Qc2 Nc5 25. Rxb8 Rxb8 26. h4 Nb3 27. Rf4 Qe5 28. Nd1 Nc5 29. Qc3 Qd6 30. Qd4 Qc7 31. Rg4 e5 32. Qd5 Rd8 33. Qf3 f5 34. Qxf5 Rxd1+ 35. Kh2 Bd7 36. Bd5+ Rxd5 37. Qg6 Rd2+ 38. Kg1 Bxg4 39. Qe8+ Kh7 40. h5 Rd1+ 41. Kh2 Qd6 0-1

[Event "Hastings Masters op"]
[Site "Hastings"]
[Date "2023.12.29"]
[Round "2"]
[White "Boswell, Jacob Connor"]
[Black "Petrov, Martin"]
[Result "0-1"]
[WhiteElo "2235"]
[BlackElo "2501"]
[PlyCount "116"]
[EventDate "2023.12.28"]
[EventType "swiss"]
[EventRounds "9"]
[EventCountry "ENG"]
[SourceTitle "CB02_2024"]
[SourceDate "2024.01.10"]
[SourceVersion "1"]
[SourceVersionDate "2024.01.10"]
[SourceQuality "1"]

1. d4 Nf6 2. c4 e6 3. Nf3 d5 4. g3 Bb4+ 5. Bd2 Be7 6. Bg2 0-0 7. 0-0 Nbd7 8. Qc2 c6 9. Rd1 b6 10. Bf4 Ba6 11. b3 Rc8 12. Nc3 h6 13. e4 dxc4 14. Nd2 b5 15. bxc4 bxc4 16. Qa4 Bb5 17. Qc2 Ba6 18. Qa4 Bb5 19. Qc2 Re8 20. a4 Ba6 21. a5 Nf8 22. Bf1 Bb4 23. Ra4 Bxc3 24. Qxc3 c5 25. Nxc4 Qd7 26. Qa1 Bxc4 27. Rxc4 cxd4 28. Rxc8 Qxc8 29. Qxd4 Ng6 30. Be3 e5 31. Qxa7 Qg4 32. Rb1 Nh4 33. Qb7 Nf3+ 34. Kh1 Qh5 35. h3 Ng4 36. Bc5 Re6 37. a6 Nfh2 38. a7 Nxf1 39. a8Q+ Kh7 40. Kg2 Nge3+ 41. Kg1 Qf3 42. Bxe3 Nxe3 43. fxe3 Qxg3+ 44. Kf1 Qf3+ 45. Ke1 Qxe3+ 46. Kd1 Rg6 47. Qh8+ Kxh8 48. Qc8+ Kh7 49. Qf5 Qg5 50. Rb5 Qxf5 51. exf5 Rd6+ 52. Ke2 f6 53. Rb4 Rd4 54. Rxd4 exd4 55. Kd3 g6 56. Kxd4 gxf5 57. Ke3 Kg7 58. Kf3 Kf7 0-1

[Event "UK Blitz op Final"]
[Site "Leamington Spa"]
[Date "2023.12.02"]
[Round "9"]
[White "Boswell, Jacob Connor"]
[Black "Horton, Andrew P"]
[Result "1/2-1/2"]
[WhiteElo "2235"]
[BlackElo "2367"]
[PlyCount "130"]
[EventDate "2023.12.02"]
[EventType "tourn (blitz)"]
[EventRounds "15"]
[EventCountry "ENG"]
[EventCategory "3"]
[SourceTitle "CB49_2023"]
[SourceDate "2023.12.06"]
[SourceVersion "1"]
[SourceVersionDate "2023.12.06"]
[SourceQuality "1"]

1. e4 e5 2. Nf3 Nc6 3. Nc3 Nf6 4. d4 exd4 5. Nxd4 Bb4 6. Nxc6 bxc6 7. Bd3 d5 8. exd5 cxd5 9. 0-0 0-0 10. h3 c6 11. Qf3 Bd6 12. Bf4 Be6 13. Ne2 Rb8 14. b3 a5 15. Nd4 Qc7 16. Bxd6 Qxd6 17. Rfe1 Rfe8 18. a4 Bd7 19. Nf5 Bxf5 20. Qxf5 g6 21. Qf3 Kg7 22. Re3 Rxe3 23. Qxe3 c5 24. Qd2 Qc7 25. Bb5 Rd8 26. Re1 Rd6 27. Qf4 Rd7 28. Qe5 Qxe5 29. Rxe5 Rc7 30. f3 Kf8 31. Kf2 Re7 32. Re3 Rxe3 33. Kxe3 g5 34. f4 h6 35. fxg5 hxg5 36. g3 Ke7 37. h4 Ng4+ 38. Kf3 Ne5+ 39. Ke3 f6 40. Be2 Ke6 41. c3 Nf7 42. h5 Ke5 43. Bd3 f5 44. Bc2 Nh6 45. Kf3 d4 46. Ke2 dxc3 47. Kd3 f4 48. gxf4+ Kxf4 49. Bd1 g4 50. Bxg4 Kxg4 51. Kxc3 Kxh5 52. Kc4 Kg6 53. Kxc5 Kf7 54. Kb5 Ke7 55. Kxa5 Kd7 56. Kb6 Kc8 57. Ka7 Nf5 58. b4 Nd6 59. b5 Nc4 60. b6 Nxb6 61. Kxb6 Kb8 62. a5 Ka8 63. a6 Kb8 64. a7+ Ka8 65. Kb5 Kxa7 1/2-1/2

[Event "GBR-ch 109th"]
[Site "Leicester"]
[Date "2023.07.24"]
[Round "3"]
[White "Shearsby, Jude"]
[Black "Boswell, Jacob Connor"]
[Result "1/2-1/2"]
[WhiteElo "2076"]
[BlackElo "2163"]
[PlyCount "150"]
[EventDate "2023.07.22"]
[EventType "swiss"]
[EventRounds "9"]
[EventCountry "ENG"]
[SourceTitle "CBM 215 Extra"]
[Source "ChessBase"]
[SourceDate "2023.09.30"]
[SourceVersion "1"]
[SourceVersionDate "2023.09.30"]
[SourceQuality "1"]

1. e4 c5 2. c3 Nf6 3. e5 Nd5 4. Nf3 Nc6 5. Bc4 Nb6 6. Bb3 d6 7. exd6 e6 8. 0-0 Bxd6 9. d4 cxd4 10. Nxd4 0-0 11. Be3 Na5 12. Bc2 Nac4 13. Bc1 Ne5 14. Bf4 Ng6 15. Nxe6 Bxe6 16. Bxd6 Re8 17. b3 Nd5 18. Bg3 f5 19. Qd4 Rc8 20. Be5 Ndf4 21. Qxd8 Rexd8 22. Bxf4 Nxf4 23. Re1 Kf7 24. c4 b5 25. Na3 b4 26. Nb1 Nd3 27. Re3 Nc5 28. a3 a5 29. axb4 axb4 30. Ra5 Bxc4 31. bxc4 b3 32. Rxb3 Nxb3 33. Bxb3 Ra8 34. Rxf5+ Ke6 35. g4 Ra1 36. c5+ Ke7 37. Bc2 Rd2 38. Be4 Re2 39. Bd3 Rd2 40. Rf3 Rxd3 41. Rxd3 Rxb1+ 42. Kg2 Rc1 43. Rd5 Ke6 44. Rg5 Kf6 45. h4 Rc4 46. Kg3 Rc2 47. Rh5 h6 48. Rd5 Ke7 49. g5 hxg5 50. Rxg5 Ke6 51. Rxg7 Rxc5 52. Rg5 Rc1 53. Ra5 Kf6 54. Kg4 Rf1 55. f3 Rb1 56. Ra6+ Kg7 57. h5 Rc1 58. f4 Rb1 59. Rg6+ Kf7 60. Ra6 Kg7 61. Kg5 Rg1+ 62. Kf5 Rb1 63. Re6 Rb5+ 64. Re5 Rb1 65. h6+ Kxh6 66. Kf6 Rb4 67. f5 Rb7 68. Re7 Rb5 69. Ke6 Rb6+ 70. Ke5 Kg5 71. Rg7+ Kh6 72. Rg2 Rb5+ 73. Ke4 Rb4+ 74. Ke3 Rb3+ 75. Kd4 Rb4+ 1/2-1/2

[Event "Daventry 4NCL op-A 30th"]
[Site "Daventry"]
[Date "2023.06.17"]
[Round "3"]
[White "Boswell, Jacob Connor"]
[Black "Payne, Matthew"]
[Result "1-0"]
[WhiteElo "2159"]
[BlackElo "2104"]
[PlyCount "101"]
[EventDate "2023.06.16"]
[EventType "swiss"]
[EventRounds "5"]
[EventCountry "ENG"]
[SourceTitle "CBM 214 Extra"]
[Source "ChessBase"]
[SourceDate "2023.07.31"]
[SourceVersion "1"]
[SourceVersionDate "2023.07.31"]
[SourceQuality "1"]

1. d4 Nf6 2. c4 g6 3. Nf3 Bg7 4. g3 0-0 5. Bg2 d6 6. 0-0 c5 7. dxc5 dxc5 8. Ne5 Qd4 9. Nd3 Qxc4 10. Na3 Qa6 11. Nxc5 Qb6 12. Be3 Rd8 13. Qa4 Ng4 14. Nxb7 Nxe3 15. Nxd8 Bd7 16. Qb3 Qxb3 17. axb3 Nxg2 18. Nc4 Nc6 19. Nxc6 Bxc6 20. Rfd1 h5 21. f3 Nh4 22. gxh4 Bf6 23. Ra6 Bb5 24. Raa1 Rb8 25. Rxa7 Bxc4 26. bxc4 Rxb2 27. Kf1 Rc2 28. Rc7 Bxh4 29. c5 Bg5 30. c6 Bf4 31. Rc8+ Kg7 32. h3 Kf6 33. Rd4 Bd6 34. Rd3 Kg5 35. Rd4 f5 36. h4+ Kf6 37. Ke1 Ke5 38. Ra4 Kd5 39. Ra6 Rc4 40. Kd2 Rxh4 41. Kd3 Ke6 42. Rg8 Kf7 43. Rd8 Rh1 44. Ra4 Ke6 45. Rc4 Be5 46. Kc2 Rh2 47. Kd2 Bc7 48. Rd7 Ba5+ 49. Kd3 Rh1 50. Ra7 Bb6 51. c7 1-0